| 000 | 00488nam a2200181 4500 | ||
|---|---|---|---|
| 001 | 13255 | ||
| 005 | 20230411085602.0 | ||
| 008 | 060907n2003 dr spa | ||
| 020 | _a0262112728 | ||
| 035 | _9funglode13370 | ||
| 041 | _aEN | ||
| 050 | 1 | 4 | _aTK 5105 G562 2003 |
| 245 | 0 | 4 |
_aThe global internet economy / _cEdited by Bruce Kogut |
| 260 |
_aMassachusetts : _bThe MIT Press, _c2003 |
||
| 300 | _axvi, 520 p. | ||
| 700 | _aKogut, Bruce ( Edited ) | ||
| 942 |
_2lcc _cbk |
||
| 999 |
_c104189 _d104189 |
||